| 000 | 00842nam a2200193Ia 4500 | ||
|---|---|---|---|
| 003 | OSt | ||
| 005 | 20241009160213.0 | ||
| 007 | ca aa aaaaa | ||
| 008 | 201103s9999 xx 000 0 und d | ||
| 040 | _cSSBUL | ||
| 041 | _abur | ||
| 082 |
_223 _a၂၉၄.၃၄၃၅၀၉ ကျွဲ _b၉၂၈၂ S-SAT |
||
| 245 | 0 | 0 | _aကျွဲမင်းကုန်းစေတီတော် သမိုင်း ။ |
| 260 |
_aရန်ကုန် ၊ _bကျွဲမင်းကုန်းစေတီတော်နာယကအဖွဲ့၊ _c၁၉၈၀။ |
||
| 300 |
_a၆၇ စာမျက်နှာ ၊ _bပုံများ ၊ _c၁၈ စင်တီ။ |
||
| 500 | _aS-SAT: Dr. Sai Aung Tun | ||
| 650 |
_aကျွဲမင်းကုန်းစေတီတေ် _xသမိုင်း _954986 |
||
| 942 |
_2ddc _cBK1 |
||
| 999 |
_c16804 _d16804 |
||